000 01456cam a22003737a 4500
003 CHAP
005 20220329133242.0
008 971013s1990 r 10010 d
010 _a3966
011 _a4938
035 _a4143
040 _cCHAP
090 _aFolleto 12425
111 0 0 _aSeminario Interno de Evaluación de Investigación, Servicio y Producción del Centro Regional Universitario del Sureste (
_n2
_d: 1990
_c: Puyacatengo, Tab.)
_9104171
245 0 _a[Resúmenes]
260 _aPuyacatengo, Tab. :
_bUACH. Centro Regional Universitario del Sureste,
_c1990
500 _ac.5-7 en bodega
590 _aBATCH-UPD
_b10
_c20130109
_lUCH01
_h2335
590 _aBATCH-UPD
_b10
_c20130110
_lUCH01
_h1955
590 _aBATCH-UPD
_b10
_c20130409
_lUCH01
_h1902
590 _aBATCH-UPD
_b10
_c20130410
_lUCH01
_h1316
590 _aBATCH-UPD
_b10
_c20130914
_lUCH01
_h1116
590 _aCONVERSION
_b10
_c20130109
_lUCH01
_h1303
650 1 4 _aAgricultura
_xInnovaciones tecnológicas.
_91565
650 1 4 _aAgricultura
_xInvestigacion
_xTabasco.
_91682
650 1 4 _aCultivos
_xRendimiento.
_930318
650 1 4 _aExtensión agrícola
_xTabasco.
_939188
901 _aBK
942 _cFOLL
949 _aFolleto 12425
_bBC
_cFOLL
_d-13676
_eTS1
_i4143
_mD
_si
949 _aFolleto 12425
_bBC
_cFOLL
_d-79018
_eTS2
_fc.2
_i4143
_mD
_si
949 _aFolleto 12425
_bBC
_cFOLL
_d-79019
_eTS2
_fc.3
_i4143
_mD
_si
949 _aFolleto 12425
_bBC
_cUACH
_d-79020
_eUACH
_fc.4
_i4143
_mD
_si
999 _c3966
_d3966